[Event "MEX-ch U26"]
[Site "Puebla"]
[Date "2014.04.29"]
[Round "4.10"]
[White "Gonzalez, Alvarado Luis"]
[Black "Corona Villar, Edgar"]
[Result "0-1"]
[WhiteElo "1205"]
[BlackElo "2058"]
[PlyCount "92"]
[EventDate "2014.04.28"]
[EventType "swiss"]
[EventRounds "6"]
[EventCountry "MEX"]
[SourceTitle "CBM 160 Extra"]
[Source "ChessBase"]
[SourceDate "2014.07.01"]
[SourceVersion "1"]
[SourceVersionDate "2014.07.01"]
[SourceQuality "1"]

1. e4 d6 2. d4 Nf6 3. Nc3 g6 4. f4 Bg7 5. Be2 0-0 6. Be3 c6 7. h3 Qb6 8. Qc1 Nbd7 9. e5 Nd5 10. Nxd5 cxd5 11. Nf3 Qc7 12. 0-0 Nb6 13. c3 Nc4 14. Bd3 Bd7 15. Nh4 Nxe3 16. Qxe3 Qb6 17. Rab1 Rac8 18. Kh1 dxe5 19. fxe5 Qa5 20. a3 b5 21. Qg5 Qd8 22. Nf3 Rb8 23. Nh2 a5 24. Ng4 Bxg4 25. Qxg4 b4 26. axb4 axb4 27. Rbc1 bxc3 28. bxc3 e6 29. Qe2 Qd7 30. Rf3 Rb7 31. Qf2 Qa4 32. Kh2 Rc8 33. Qf1 Ra7 34. Be2 Qa5 35. Qf2 Qc7 36. Bf1 f6 37. Rxf6 Bxf6 38. Qxf6 Qf7 39. Be2 Qxf6 40. exf6 Kf7 41. Bg4 Kxf6 42. Rf1+ Ke7 43. Re1 Ra6 44. Re3 Rb6 45. Kg3 h5 46. Bf3 Rb3 0-1